Novak Djokovic - Route to the 2023 Australian Open Trophy - Statistics

General Stats
  • This quiz has been taken 37 times
  • The average score is 5 of 7
Answer Stats
Round Result Country Opponent % Correct
F 3:0 (6:3,7:6,7:6) Greece Stefanos Tsitsipas
100%
QF 3:0 (6:1,6:2,6:4) Russia Andrey Rublev
97%
R32 3:0 (7:6,6:3,6:4) Bulgaria Grigor Dimitrov
95%
R16 3:0 (6:2,6:1,6:2) Australia Alex de Minaur
84%
SF 3:0 (7:5,6:1,6:2) USA Tommy Paul
84%
R128 3:0 (6:3,6:4,6:0) Spain Roberto Carballes Baena
43%
R64 3:1 (6:1,6:7,6:2,6:0) France Enzo Couacaud
24%
No matching quizzes found
Score Distribution
Percent of People with Each Score
Percentile by Number Answered
Your Score History
You have not taken this quiz